00519nam a22001937a 450000500170000001000140001702000130003103500140004403700090005808200140006710000220008124500480010326000440015127000570019530000200025249000110027250000250028370000170030820250214154655.0 aENG-14380 c1500. 00 aEN-127338 bDBAD a598.05154 aAsok Kanti Sanyal aFlying Feathers /bColour Drawings of Birds aKolkatabSatyabata Chakarabarti c2013 aThe Asiatic Society 1 Park Street bKolkata e700016 a82p.c22cm.(hb) vvol 1  aAcalanatha Vidyaraja aSampa Biswas